000 01265nam2a22002651 4500
001 v19\rc\1610520
005 20250618223927.0
035 _a(NLR Aleph) 004731028
090 _a4444548
_c4444548
100 _a20061002d1910 |||y0rusy50 ca
101 0 _arus
102 _aRU
105 _aa z |||||
200 0 _a... за 1909 год
210 _aКишинев
_d1910
215 _a[2], II, IV, 80 с., 5 л. табл.
461 0 _1001v19\rc\1610518
_12001#$aОтчет Винодельческой опытной станции при Бессарабском училище виноделия...$fГ.У.З. и З. Деп. зем.$v... за 1909 год
_94444538
_aБессарабское училище виноделия (Кишинев). Винодельческая опытная станция
_cСанкт-Петербург
_d1897-1910
_fГ.У.З. и З. Деп. зем.
_tОтчет Винодельческой опытной станции при Бессарабском училище виноделия...
_v... за 1909 год
801 0 _aRU
_bNLR
_gpsbo
801 0 _aRU
_bRuMoRGB
_2psbo
801 1 _aRU
_bProSoft-M
_2rusmarc
852 _aNLR
_j17.158.6.178
899 _aRuMoRGB
_jF 195/32
899 _aНБ МГУ
942 _cBOOK
980 _aNB